01040nam a22002777a 45000010005000000030009000050050017000140070005000310080048000360200018000840400022001021000022001242450069001462600038002153000027002534900023002807000031003038300023003349420012003579450027003699520106003969520112005029520112006149560021007269990015007470074DO-SdBNP20180130133954.00074151026b pe 2011 xxu||||| |||| 00| 0 spa d a9786124103063 aBPMSUbspacBPMSU10aMelville, Herman 10aMoby Dick /6Herman Melville ; ilustración Gerson Jara Morales aLima, Perú :bEducativa,c2011. a91 p. :bil., c19 cm.10aSemillas del saber aJara Morales, Gerson,eil.00aSemillas del saber 2ddccBK aInventariado, 2018/MFF 00102ddc40708CI-GaBPMETbBPMETd2015-10-26eCompral0pBPMSU15100190r2015-10-26w2015-10-26yBK 00102ddc40708CI-GaBPMETbBPMETd2015-10-27eCompral0pBPMSU15100210r2015-10-27te. 2w2015-10-27yBK 00102ddc40708CI-GaBPMETbBPMETd2015-10-27eCompral0pBPMSU15100211r2015-10-27te. 3w2015-10-27yBK aBrenda Tavárez c8465d8465